00877nam a2200205 a 450000100100000000500170001000800410002702000150006804000250008308200150010810000270012324501460015026001260029649000260042250400300044870000300047883000330050895201130054199900170065400004139920201002034844.0131002s2005 cl b 000 0 spa d a9562441741 aDO-SdBNPbspacBNPHU axxxxbxxxx1 aAgard-Lavallé96804910aDel Garona al Mapocho:. :bemigrantes, comerciantes y viajeros de Burdeos a Chile (1830-1870) /cFrancine Agard-Lavallé, Bernard Lavallé. aSantiago de Chile, :bCentro de investigaciones Diego Barros AranabDirección de bibliotecas, archivos y museos,c2005.1 aEnsayos y estudiosv5 aBibliografía p: 123-1241 aLavallé, Bernard965965 0aEnsayos y estudiosv5968050 001050718MOaGRbGRcCTd2013-10-02iLF1l0oxxxx xxxxp41399-10r2020-06-25w2020-06-25y1ZNo se presta c40889d40889